00720 2200265 4500001002100000005001700021008004100038035002600079245002500105100002500130250000600155260004700161300004300208020001800251082000800269084001100277520003700288650002100325990001800346990001800364990001800382990001800400990001800418990001800436INLIS00000000000386220191230030534.0191230| ||| | ind  a 0010-12190000000386200cK.H. Saifuddin Zuhri0 aK.H. Saifuddin Zuhri a1 aLKiS : YogyakartabLKiS : Yogyakartac2013 a16x23,5cm 775 hlm ;c16x23,5cm 775 hlm a979-16776-6-20 a200 a297,98 aHibah Perpusnas 2018 14 Nov 2018 0aPesantren 297.98 aB201901089363 aB201901089364 aB201901089364 aB201901089363 aB201901089363 aB201901089364